TOP 25 Ikon w FIFA 22 - Statystyki

Ogólne statystyki
  • Ten quiz został rozwiązany 1 104 razy
  • Średni wynik to 20 z 25
Statystyki odpowiedzi
Hint Odpowiedź % Poprawnych
99 Ovr / Brazylia / ŚPO Pelé
99%
98 Ovr / Argentyna / ŚPO Maradona
98%
97 Ovr / Brazylia / N Ronaldo
97%
97 Ovr / Francja / ŚPO Zidane
95%
95 Ovr / Węgry / N Puskás
90%
95 Ovr / Brazylia / LS Ronaldinho
90%
95 Ovr / Włochy / ŚO Maldini
88%
95 Ovr / Rosja / BR Yashin
88%
95 Ovr / Brazylia / PS Garrincha
84%
94 Ovr / Portugalia / ŚN Eusébio
81%
94 Ovr / Irlandia Północna / PS Best
78%
94 Ovr / Hiszpania / ŚP Xavi
76%
94 Ovr / Brazylia / PO Cafu
75%
95 Ovr / Holandia / ŚN Cruyff
75%
94 Ovr / Anglia / PP Beckham
73%
94 Ovr / Francja / N Henry
72%
94 Ovr / Holandia / ŚN Gullit
71%
94 Ovr / Hiszpania / ŚO Puyol
71%
94 Ovr / Holandia / N Van Basten
70%
93 Ovr / Walia / LP Giggs
69%
94 Ovr / Brazylia / PO Carlos Alberto
67%
94 Ovr / Włochy / ŚPO Baggio
63%
94 Ovr / Francja / ŚN Cantona
63%
94 Ovr / Włochy / ŚO Baresi
60%
94 Ovr / Niemcy / ŚP Matthäus
59%
Nie znaleziono quizów pasujących do podanych kryteriów
Rozkład punktacji
Procent ludzi z każdym wynikiem
Percentyl według liczby udzielonych odpowiedzi
Twoja historia wyników
Nie rozwiązałeś tego quizu